1018 1975 1338 1671 1731 1447 1867 1243 1495 1283 1224 1258 1668 1193 1885 1006 1071 1009 1242 1684 1990 1678 1302 1933 1980 1362 1015 1421 1948 1052 1970 1737 1040 1451 1426 1255 1266 1271 1855 1366 1420 1036 1349 1118 1072 1129 1229 1083 1611 1552 1671 1452 1740 1506 1928 1429 1601 1783 1924 1246 1072 1037 1241 1573 1656 1890 1932 1264 1065 1266 1643 1340 1160 1194 1025 1079 1817 1400 1237 1911 1097 1219 1143 1702 1254 1201 1663 1141 1665 1908 1776 1788 1103 1650 1161 1233 1362 1289 1937 BCNSPRNW ULIB Ver.6.0+V

เปลี่ยนเป็นภาษาไทย

Change to English
 แสดงรายละเอียดบรรณานุกรม
  กลับหน้าหลัก

Brief Record : Get Marc (ISO 2709) : E-mail record : QR code < ปิดหน้าต่าง
LEADER : 00000nam 2200000uu 4500
001    13399112767
003     ULIB
008    110908s2552||||th 000 0 tha d
020    9789749922835
050  4 LB1033.5^bช576ท 2552
100 0  ชิษณุ พันธุ์เจริญ
245 00 ทักษะการสื่อสารเพื่อความเป็นเลิศด้านการเรียนการสอน /^c[บรรณาธิการ] ชิษณุ พันธุ์เจริญ, จรุงจิตร์ งามไพบูลย์
260    กรุงเทพฯ :^bธนาเพรส,^c2552
300    129, [3] หน้า :^bภาพประกอบ ;^c21 ซม.
650  4 การสื่อสาร
650  4 การสื่อสารทางการศึกษา
650  4 การสื่อสารทางการแพทย์
700 0  ชิษณุ พันธุ์เจริญ,^eบรรณาธิการ
700 0  จรุงจิตร์ งามไพบูลย์,^eบรรณาธิการ
945    ^p160^l0^i025346
945    ^p160^l0^i025347
945    ^p160^l0^i025348
945    ^p160^l0^i026396
945    ^p160^l0^i026397
945    ^p160^l0^i026398
945    ^p160^l0^i026399
945    ^p160^l0^i026400
995    ทศพร
999 ^a ทศพร
รายการนี้ยังไม่มีแท็ก
คุณยังไม่ได้ล็อกอิน คุณสามารถมีกิจกรรมร่วมกับเว็บไซต์ได้ แต่ต้องล็อกอินก่อน ::
  ล็อกอิน

รายการสื่อสารสนเทศ

ลำดับที่ ประเภท เลขเรียก/บาร์โค้ด สถานที่ สถานะ
- ไม่พบข้อมูล -

รายการใกล้เคียง
    ผู้แต่ง [ชิษณุ พันธุ์เจริญ]

    หัวเรื่อง [การสื่อสาร]
    หัวเรื่อง [การสื่อสารทางการศึกษา]
    หัวเรื่อง [การสื่อสารทางการแพทย์]

BibComment


ยังไม่เคยถูกคอมเมนท์

คอมเมนท์ทรัพยากรรายการนี้
  คอมเมนท์: ทักษะการสื่อสารเพ..


 Copyright 2026. Bcnsprnw @Library